CASPER and friends [

Bibliographic Details
Format: Book
Published: Malaysia : Video Dynamic , 1991
Subjects:

MARC

LEADER 00000cam a2200000 7i4500
001 0000000249
002 000000319
005 20000330.0
020 |a 000000319 
090 0 0 |a JF   |b CAS 
245 0 0 |a CASPER and friends [  |h videorecording] 
255 |a Vol. 7 
260 |a Malaysia :   |b Video Dynamic ,   |c 1991 
300 |a 1 video cassette VHS (45:00 min) :   |b Col.(PAL) 
650 0 0 |a Humourous fiction   |x cartoons and caricatures 
999 |a PV0198   |b VIDEO   |c JUNIOR REFERENCE   |e PERPUSTAKAAN KOMUNITI PETALING JAYA